Indexy cien za lesníctvo (surové drevo) v Slovenskej republike December 1992

Enregistré dans:
Détails bibliographiques
Format: Livre
Langue:slovaque
Publié: Bratislava Slovenský štatistický úrad 1993
Collection:Štatistické čísla a grafy
Tags: Ajouter un tag
Pas de tags, Soyez le premier à ajouter un tag!

MARC

LEADER 00000nam a2200000 4500
001 c021449
005 20260226123637.0
041 0 |a slo 
044 |a SK 
245 1 0 |a Indexy cien za lesníctvo (surové drevo) v Slovenskej republike  |b December 1992 
264 1 |a Bratislava  |b Slovenský štatistický úrad  |c 1993 
300 |a [4] s. 
490 1 |a Štatistické čísla a grafy 
830 0 |a Štatistické čísla a grafy